Comprehensive Chemistry Class XI (Record no. 1207)

MARC details
000 -LEADER
fixed length control field 00412nam a22001697a 4500
005 - DATE AND TIME OF LATEST TRANSACTION
control field 20160520125405.0
008 - FIXED-LENGTH DATA ELEMENTS--GENERAL INFORMATION
fixed length control field 160520b xxu||||| |||| 00| 0 eng d
020 ## - INTERNATIONAL STANDARD BOOK NUMBER
ISBN 978-81-318-0377-6
041 ## - LANGUAGE CODE
Language code of text/sound track or separate title eng
082 ## - DEWEY DECIMAL CLASSIFICATION NUMBER
Item number 3543
100 ## - MAIN ENTRY--AUTHOR NAME
Personal name Verma N.K. & Khanna S.K.
245 ## - TITLE STATEMENT
Title Comprehensive Chemistry Class XI
260 ## - PUBLICATION, DISTRIBUTION, ETC. (IMPRINT)
Name of publisher Laxmi Pub.
300 ## - PHYSICAL DESCRIPTION
Number of Pages 834
650 ## - SUBJECT ADDED ENTRY--TOPICAL TERM
Topical Term DIPLOMA ENGINEERING
942 ## - ADDED ENTRY ELEMENTS (KOHA)
Koha item type Books
Holdings
Lost status Damaged status Collection code Home library Current library Shelving location Date acquired Source of acquisition Cost, normal purchase price Full call number Accession Number Koha item type
    PARAMEDICAL JRU Library JRU Library SHELF-104-A 20/05/2016 PURCHASE 775.00 540 3543 Books
    PARAMEDICAL JRU Library JRU Library SHELF-104-A 20/05/2016 PURCHASE 775.00 540 3544 Books
    MANAGEMENT JRU Library JRU Library SHELF-50-C 20/05/2016 PURCHASE 775.00 540 3545 Books
    CS/IT JRU Library JRU Library SHELF-56-G 20/05/2016 PURCHASE 775.00 540 3546 Books
    PARAMEDICAL JRU Library JRU Library SHELF-104-A 20/05/2016 PURCHASE 775.00 540 3547 Books
    PARAMEDICAL JRU Library JRU Library SHELF-104-A 20/05/2016 PURCHASE 775.00 540 3548 Books
    CS/IT JRU Library JRU Library SHELF-56-G 20/05/2016 PURCHASE 775.00 540 3549 Books
    MANAGEMENT JRU Library JRU Library SHELF-50-C 20/05/2016 PURCHASE 775.00 540 3550 Books
    CS/IT JRU Library JRU Library SHELF-56-G 20/05/2016 PURCHASE 775.00 540 3551 Books
    CS/IT JRU Library JRU Library SHELF-56-G 20/05/2016 PURCHASE 775.00 540 3552 Books